000 00207 a2200097 4500
001 28860
100 _aManheisn, R
245 _aHitler's Main Kampf
260 _a
_bHutchinson
_c1969
090 _c19306
_d19306
942 _aNUST-CAE
_cM
_c10343
999 _c263933
_d263933